| 000 | 00552nam a22001577a 4500 | ||
|---|---|---|---|
| 003 | NUST | ||
| 082 | _a621 | ||
| 100 |
_a Luqman ,Muhammad _9121727 |
||
| 245 |
_aMathematical modeling of groundwater level in Islamabad based on experimental data / _cMuhammad Luqman |
||
| 264 |
_aIslamabad: _bSMME- NUST. _c2019. |
||
| 300 |
_a57p. ; _bSoft Copy , _c30cm. |
||
| 650 |
_aMS Mechanical Engineering _9119495 |
||
| 700 |
_aSupervisor : Dr Muhammad Sajid _9119652 |
||
| 856 | _uhttp://10.250.8.41:8080/xmlui/handle/123456789/13058 | ||
| 942 |
_2ddc _cTHE |
||
| 999 |
_c608511 _d608511 |
||